书目信息 |
| 题名: |
油气工业的腐蚀与控制
|
|
| 作者: | 路民旭 , 张雷 , 杜艳霞 编著 | |
| 分册: | ||
| 出版信息: | 北京 化学工业出版社 2015.03 |
|
| 页数: | 226页 | |
| 开本: | 24cm | |
| 丛书名: | 材料延寿与可持续发展 | |
| 单 册: | ||
| 中图分类: | TE988 | |
| 科图分类: | ||
| 主题词: | 石油与天然气储运--shi you yu tian ran qi chu yun--机械设备--防腐 | |
| 电子资源: | ||
| ISBN: | 978-7-122-22459-0 | |
| 000 | 01185nam 2200313 450 | |
| 001 | CAL 0120151487705 | |
| 005 | 20150811152840.50 | |
| 010 | @a978-7-122-22459-0@dCNY46.00 | |
| 100 | @a20150210d2015 em y0chiy50 ea | |
| 101 | 0 | @achi |
| 102 | @aCN@b110000 | |
| 105 | @aak a 000yy | |
| 106 | @ar | |
| 200 | 1 | @a油气工业的腐蚀与控制@Ayou qi gong ye de fu shi yu kong zhi@f路民旭, 张雷, 杜艳霞等编著 |
| 210 | @a北京@c化学工业出版社@d2015.03 | |
| 215 | @a226页@c图@d24cm | |
| 225 | 2 | @a材料延寿与可持续发展@Acai liao yan shou yu ke chi xu fa zhan |
| 300 | @a国家出版基金项目 | |
| 320 | @a有书目 | |
| 330 | @a本书主要针对油气开采、集输、净化和储运等工程, 以油气管道腐蚀防护为主要讨论对象, 深入阐述设备腐蚀环境特点和失效的原因, 从选材、设计、施工等方面介绍必要的腐蚀控制方法, 从综合防治的角度提出油气腐蚀控制的综合思路。 | |
| 410 | 0 | @12001 @a材料延寿与可持续发展 |
| 586 | @a | |
| 606 | 0 | @a石油与天然气储运@Ashi you yu tian ran qi chu yun@x机械设备@x防腐 |
| 690 | @aTE988@v5 | |
| 701 | 0 | @a路民旭@Alu min xu@4编著 |
| 701 | 0 | @a张雷@Azhang lei@4编著 |
| 701 | 0 | @a杜艳霞@Adu yan xia@4编著 |
| 801 | 0 | @aCN@c20150820 |
| 905 | @a河南城建学院图书馆@dTE988@eL877@f3 | |
| 油气工业的腐蚀与控制/路民旭, 张雷, 杜艳霞等编著.-北京:化学工业出版社,2015.03 |
| 226页:图;24cm.-(材料延寿与可持续发展) |
| 国家出版基金项目 |
| ISBN 978-7-122-22459-0:CNY46.00 |
| 本书主要针对油气开采、集输、净化和储运等工程, 以油气管道腐蚀防护为主要讨论对象, 深入阐述设备腐蚀环境特点和失效的原因, 从选材、设计、施工等方面介绍必要的腐蚀控制方法, 从综合防治的角度提出油气腐蚀控制的综合思路。 |
| ● |
| 相关链接 |
|
|
|
正题名:油气工业的腐蚀与控制
索取号:TE988/L877
 
预约/预借
| 序号 | 登录号 | 条形码 | 馆藏地/架位号 | 状态 | 备注 |
| 1 | 1163251 | 211632517 | 自科库501/501自科库 23排2列3层/ [索取号:TE988/L877] | 在馆 | |
| 2 | 1163252 | 211632526 | 自科库501/501自科库 23排2列3层/ [索取号:TE988/L877] | 在馆 | |
| 3 | 1163253 | 211632535 | 自科库501/501自科库 23排2列3层/ [索取号:TE988/L877] | 在馆 |